<?xml version="1.0" encoding="UTF-8"?>
<record
    xmlns:xsi="http://www.w3.org/2001/XMLSchema-instance"
    xsi:schemaLocation="http://www.loc.gov/MARC21/slim http://www.loc.gov/standards/marcxml/schema/MARC21slim.xsd"
    xmlns="http://www.loc.gov/MARC21/slim">

  <leader>00938cam a22002651  4500</leader>
  <datafield tag="952" ind1=" " ind2=" ">
    <subfield code="0">0</subfield>
    <subfield code="1">0</subfield>
    <subfield code="2">ddc</subfield>
    <subfield code="4">0</subfield>
    <subfield code="7">0</subfield>
    <subfield code="8">PHYSICS</subfield>
    <subfield code="a">MES</subfield>
    <subfield code="b">MES</subfield>
    <subfield code="c">PHY</subfield>
    <subfield code="d">2021-09-25</subfield>
    <subfield code="e">34</subfield>
    <subfield code="g">579.27</subfield>
    <subfield code="l">0</subfield>
    <subfield code="o">530.123 SAK/A</subfield>
    <subfield code="p">41225</subfield>
    <subfield code="r">2021-09-25 00:00:00</subfield>
    <subfield code="v">799.00</subfield>
    <subfield code="w">2021-09-25</subfield>
    <subfield code="y">BK</subfield>
    <subfield code="z">G11R4</subfield>
  </datafield>
  <datafield tag="999" ind1=" " ind2=" ">
    <subfield code="c">41129</subfield>
    <subfield code="d">41129</subfield>
  </datafield>
  <controlfield tag="001">3589781</controlfield>
  <controlfield tag="003">OSt</controlfield>
  <controlfield tag="005">20231215112605.0</controlfield>
  <controlfield tag="008">740608s1967    maua     b    000 0 eng  </controlfield>
  <datafield tag="010" ind1=" " ind2=" ">
    <subfield code="a">   67019430 </subfield>
  </datafield>
  <datafield tag="020" ind1=" " ind2=" ">
    <subfield code="a">9788177589160</subfield>
  </datafield>
  <datafield tag="040" ind1=" " ind2=" ">
    <subfield code="a">DLC</subfield>
    <subfield code="c">DLC</subfield>
    <subfield code="d">DLC</subfield>
    <subfield code="d">ICU</subfield>
  </datafield>
  <datafield tag="050" ind1="0" ind2="0">
    <subfield code="a">QC174.45</subfield>
    <subfield code="b">.S28 1967</subfield>
  </datafield>
  <datafield tag="051" ind1=" " ind2=" ">
    <subfield code="a">QC174.45</subfield>
    <subfield code="b">.S28 1973</subfield>
    <subfield code="c">Another issue. Fourth printing, with corrections.</subfield>
  </datafield>
  <datafield tag="082" ind1="0" ind2="0">
    <subfield code="a">530.123</subfield>
    <subfield code="b">SAK/A</subfield>
  </datafield>
  <datafield tag="100" ind1="1" ind2=" ">
    <subfield code="a">Sakurai, J. J.</subfield>
    <subfield code="q">(Jun John),</subfield>
    <subfield code="d">1933-1982</subfield>
    <subfield code="9">8614</subfield>
  </datafield>
  <datafield tag="245" ind1="1" ind2="0">
    <subfield code="a">Advanced quantum mechanics</subfield>
    <subfield code="c">[by] J. J. Sakurai.</subfield>
  </datafield>
  <datafield tag="260" ind1=" " ind2=" ">
    <subfield code="a">Reading, Mass.,</subfield>
    <subfield code="b">Addison-Wesley Pub. Co.</subfield>
    <subfield code="c">1967.</subfield>
  </datafield>
  <datafield tag="300" ind1=" " ind2=" ">
    <subfield code="a">xii, 344 p.</subfield>
    <subfield code="b">illus.</subfield>
    <subfield code="c">24 cm.</subfield>
  </datafield>
  <datafield tag="490" ind1="1" ind2=" ">
    <subfield code="a">Addison-Wesley series in advanced physics</subfield>
  </datafield>
  <datafield tag="650" ind1=" " ind2="0">
    <subfield code="a">Quantum field theory.</subfield>
  </datafield>
  <datafield tag="830" ind1=" " ind2="0">
    <subfield code="a">A-W series in advanced physics.</subfield>
  </datafield>
  <datafield tag="906" ind1=" " ind2=" ">
    <subfield code="a">7</subfield>
    <subfield code="b">cbc</subfield>
    <subfield code="c">orignew</subfield>
    <subfield code="d">u</subfield>
    <subfield code="e">ocip</subfield>
    <subfield code="f">19</subfield>
    <subfield code="g">y-gencatlg</subfield>
  </datafield>
  <datafield tag="942" ind1=" " ind2=" ">
    <subfield code="2">ddc</subfield>
    <subfield code="c">BK</subfield>
    <subfield code="h">530.123</subfield>
    <subfield code="i">SAK/A</subfield>
    <subfield code="k">530.123</subfield>
    <subfield code="m">SAK/A</subfield>
  </datafield>
</record>
